La Auditora̕ Superior de la Federacin̤

Detalles Bibliográficos
Autor principal: Gonzl̀ez de Aragn̤ Ortiz, Arturo
Formato: eBook
Lenguaje:español
Publicado: Mx̌ico DF: Nostra Ediciones, 2009
Materias:
Acceso en línea:Acceso restringido

MARC

LEADER 00000nam a22000007a 4500
005 20170530220840.0
007 cr|||| ||||
008 170530s2009 mx |||||s|||| 00||0 spa d
020 |a 978-607-7603-30-6 
035 |a 20299 
040 |a vLex 
090 |c 6728  |d 6728 
100 1 |a Gonzl̀ez de Aragn̤ Ortiz, Arturo 
245 1 2 |a La Auditora̕ Superior de la Federacin̤  |h [Recurso electrn̤ico] /  |c Arturo Gonzl̀ez de Aragn̤ Ortiz 
256 |a Servicio en ln̕ea 
260 |a Mx̌ico DF:  |b Nostra Ediciones,  |c 2009 
300 |a 1 recurso electrn̤ico 
500 |a La Auditora̕ Superior de la Federacin̤ (ASF) es un organismo con autonoma̕ tčnica que se encarga de analizar, revisar y evaluar el uso de los recursos pb︢licos relacionados con la constitucin̤ de los programas del Estado federal mexicano. En esta obra, el autor explica su estructura, objetivos, lm̕ites y alcances. 
506 1 |a Disponible solo en los productos indicados  |d vLex Global  |d vLex Global (Academic Edition, excluding Law Schools)  |d vLex Global (U.S. Academic Edition, Law Schools)  |d vLex Global (U.S. Academic Edition, excluding Law Schools)  |d vLex Global (Academic Edition, Law Schools) 
650 0 4 |a Derecho Fiscal  |z Mx̌ico 
740 0 |a vLex Libros (Servicio en ln̕ea) 
856 4 0 |u http://vlex.com/source/la-auditoria-superior-de-la-federacion-20299  |z Acceso restringido 
942 |c BOOK 
999 0 |a Tax Law